000 00660nam a2200205Ii 4500
003 JO-AjNU
008 230606s9999||||xx |||||||||||||| ||und||
017 _a840/5/1999
040 _aJO-AjNU
_beng
_erda
_cJO-AjNU
041 _aeng
050 1 4 _aPJ7864.A42.Z535 1999
100 3 _aselected by: Radwan,Abdullah ؛ Translated By: Sadik I.Odeh,
_eauthor
_93655
245 0 0 _aArar: The Poet and Lover Of Jordan
264 3 1 _aLebanon: Arab Institute for Studies and Publishing, 1999
300 _a168P
336 _atext
_btxt
_2rdacontent
337 _aunmediated
_bn
_2rdamedia
338 _avolume
_bnc
_2rdacarrier
650 4 _aLiterature - Arab Poet
_93656
999 _aE1906
_c1906
_d1906